Technickoekonomické tendence v rozvoji průmyslových robotů
Salvato in:
| Autore principale: | |
|---|---|
| Natura: | Libro |
| Lingua: | ceco |
| Pubblicazione: |
Praha
Ústředí vědeckých, technických a ekonomických informací
1985
|
| Edizione: | 1. vyd. |
| Tags: |
Nessun Tag, puoi essere il primo ad aggiungerne!!
|
MARC
| LEADER | 00000nam a2200000 4500 | ||
|---|---|---|---|
| 001 | c107020 | ||
| 005 | 20221220080449.6 | ||
| 041 | 0 | |a cze | |
| 044 | |a CZ | ||
| 245 | 1 | 0 | |a Technickoekonomické tendence v rozvoji průmyslových robotů |c Vladimír Ptáček |
| 250 | |a 1. vyd. | ||
| 264 | 1 | |a Praha |b Ústředí vědeckých, technických a ekonomických informací |c 1985 | |
| 300 | |a 75 s. | ||
| 100 | 1 | |a Ptáček, Vladimír | |